[Event "Open Principal"]
[Site "Montpellier"]
[Date "1999.??.??"]
[Round "7"]
[White "Sauvadet, Herve"]
[Black "Mounier, Eric"]
[Result "1-0"]
[WhiteElo "2098"]
[BlackElo "2130"]
[PlyCount "79"]
[EventDate "1999.07.??"]

1. e4 c5 2. Nf3 Nc6 3. d4 cxd4 4. Nxd4 g6 5. c4 Nf6 6. Nc3 d6 7. Be2 Nxd4 8.
Qxd4 Bg7 9. Be3 O-O 10. Qd2 Qa5 11. O-O Be6 12. Rac1 Rfc8 13. b3 a6 14. h3 b5
15. cxb5 axb5 16. Bf3 Nd7 17. Bd4 Bxd4 18. Qxd4 b4 19. Na4 Nc5 20. e5 Nxa4 21.
Bxa8 Nc3 22. Bf3 dxe5 23. Qe3 Qxa2 24. Qxe5 Qxb3 25. Qg5 f6 26. Qe3 Bc4 27.
Rfe1 e5 28. Qb6 Rf8 29. Qc5 Bf7 30. Qd6 Kg7 31. Ra1 Qb2 32. Ra6 Bg8 33. Rb6 b3
34. g4 34... g5 { tic tac} 35. Rxe5 Rf7 36. Rxg5+ Kh8 37. Rf5 Ne2+ 38. Bxe2
Qxe2 39. Rxf6 Qe1+ 40. Kg2 1-0

[Event "Open Principal"]
[Site "Montpellier"]
[Date "1999.??.??"]
[Round "7"]
[White "Seeger, Klaus"]
[Black "Aiglon, Laurent"]
[Result "1-0"]
[WhiteElo "1950"]
[BlackElo "2105"]
[PlyCount "67"]
[EventDate "1999.07.??"]

1. e4 c5 2. Nf3 Nc6 3. d4 cxd4 4. Nxd4 Nf6 5. Nc3 e5 6. Nb3 Bb4 7. Bc4 O-O 8.
Nd2 Bxc3 9. bxc3 d6 10. O-O Qc7 11. Bb2 Rd8 12. Qe2 Be6 13. Bd3 d5 14. c4 dxc4
15. Nxc4 Nxe4 16. Bxe4 Nd4 17. Bxd4 Rxd4 18. Qf3 Rxc4 19. Bxb7 Rd8 20. Be4 f5
21. Bxf5 Bd5 22. Qh3 h6 23. Rad1 Bf7 24. Be6 Rxd1 25. Rxd1 Rxc2 26. g3 Rxf2 27.
Kxf2 Qc2+ 28. Ke1 Qe4+ 29. Kf2 Qc2+ 30. Ke1 Qe4+ 31. Kd2 Qd4+ 32. Kc2 Qc5+ 33.
Kb2 Qb5+ 34. Ka1 1-0

[Event "Open Principal"]
[Site "Montpellier"]
[Date "1999.??.??"]
[Round "8"]
[White "Aiglon, Laurent"]
[Black "Von Flue, Erwin"]
[Result "1-0"]
[WhiteElo "2105"]
[BlackElo "1930"]
[PlyCount "69"]
[EventDate "1999.07.??"]

1. e4 c5 2. Nf3 Nc6 3. d4 cxd4 4. Nxd4 g6 5. Be3 Bg7 6. Nc3 d6 7. Bc4 Nf6 8.
O-O O-O 9. h3 a6 10. a4 Bd7 11. Qd2 Qc7 12. Ba2 Rab8 13. Kh1 Rfc8 14. f4 Nh5
15. Rf2 Rf8 16. g4 Nf6 17. f5 Nxd4 18. Bxd4 Bc6 19. Qe3 Rbe8 20. Raf1 b5 21.
fxg6 hxg6 22. g5 e5 23. Bb6 Nxe4 24. Nxe4 Qd7 25. Kh2 d5 26. Nf6+ Bxf6 27. gxf6
Kh7 28. Qg3 Rh8 29. a5 Kg8 30. Rf5 Rh6 31. Be3 Rh7 32. Rg5 Kh8 33. Rg4 Rg8 34.
Rh4 Rh5 35. Qg5 1-0

[Event "Open Principal"]
[Site "Montpellier"]
[Date "1999.??.??"]
[Round "8"]
[White "Amadou, David"]
[Black "Ali, Hussein"]
[Result "0-1"]
[WhiteElo "2140"]
[BlackElo "2049"]
[PlyCount "94"]
[EventDate "1999.07.??"]

1. Nf3 d5 2. c4 e6 3. g3 Nf6 4. Bg2 Be7 5. O-O O-O 6. d4 Nbd7 7. Qc2 c5 8. cxd5
exd5 9. Nc3 b6 10. Ng5 Bb7 11. Nxd5 Bxd5 12. Bxd5 Rc8 13. Bg2 cxd4 14. Qd2 Ne5
15. Rd1 Bc5 16. b4 Nc4 17. Qe1 Be7 18. Nf3 Nd5 19. a3 Bf6 20. Nxd4 Bxd4 21.
Rxd4 Qf6 22. e3 Ne7 23. Ra2 Nf5 24. Rd1 Rfd8 25. Rc2 Rxd1 26. Qxd1 Rd8 27. Qe1
b5 28. e4 Nd4 29. Ra2 Nf3+ 30. Bxf3 Qxf3 31. Re2 Qb3 32. Bd2 Qxa3 33. Kg2 h6
34. e5 Qb3 35. f3 Rd3 36. Rf2 Nxd2 37. Rxd2 Qxb4 38. Re2 Qxe1 39. Rxe1 Rd2+ 40.
Kh3 a5 41. Rb1 b4 42. Kg4 Rd4+ 43. f4 a4 44. Kf3 b3 45. Ke3 Rb4 46. Kd3 a3 47.
Kc3 a2 0-1

[Event "Open Principal"]
[Site "Montpellier"]
[Date "1999.??.??"]
[Round "8"]
[White "Holcman, Jeremy"]
[Black "Laval, Hubert"]
[Result "1/2-1/2"]
[WhiteElo "2081"]
[BlackElo "1810"]
[PlyCount "81"]
[EventDate "1999.07.??"]

1. d4 Nf6 2. Nf3 g6 3. c4 Bg7 4. Nc3 O-O 5. e4 d6 6. Be2 e5 7. O-O Nbd7 8. d5
Nc5 9. Nd2 a5 10. Rb1 Nfd7 11. b3 f5 12. a3 Nf6 13. f3 Bd7 14. b4 axb4 15. axb4
Na4 16. Qc2 Bh6 17. exf5 Be3+ 18. Kh1 Nxc3 19. Qxc3 Bd4 20. Qc2 gxf5 21. Nb3
Ba7 22. Bh6 Rf7 23. f4 Ng4 24. Bxg4 fxg4 25. fxe5 Rxf1+ 26. Rxf1 Qh4 27. Bf4
Rf8 28. g3 Qh3 29. Qg2 dxe5 30. Qxh3 gxh3 31. Ra1 exf4 32. Rxa7 Re8 33. Kg1 Re2
34. gxf4 Rg2+ 35. Kf1 Rxh2 36. Nd4 Bg4 37. Ra3 Rd2 38. Rg3 h5 39. Nf3 Rb2 40.
Kg1 Rxb4 41. Ne5 1/2-1/2

[Event "Open Principal"]
[Site "Montpellier"]
[Date "1999.??.??"]
[Round "8"]
[White "Launiau, Severin"]
[Black "Rue, Eric"]
[Result "1/2-1/2"]
[WhiteElo "1920"]
[BlackElo "2159"]
[PlyCount "62"]
[EventDate "1999.07.??"]

1. f4 d5 2. Nf3 c5 3. e3 Nc6 4. Bb5 Bd7 5. b3 Nf6 6. Bb2 a6 7. Bxc6 Bxc6 8. Ne5
g6 9. Nc3 Bg7 10. Nxc6 bxc6 11. Na4 d4 12. O-O dxe3 13. dxe3 O-O 14. Nxc5 Qa5
15. Nd3 Ne4 16. Bxg7 Kxg7 17. Qe1 Qb6 18. Rf3 Rad8 19. Rd1 f6 20. Nf2 Rxd1 21.
Qxd1 Rd8 22. Nd3 Qa5 23. a4 Qc3 24. f5 Nc5 25. e4 Qd4+ 26. Kf1 Qxe4 27. Qe2
Qxe2+ 28. Kxe2 Nxd3 29. cxd3 gxf5 30. Rxf5 e5 31. Rf1 Rb8 1/2-1/2

[Event "Open Principal"]
[Site "Montpellier"]
[Date "1999.??.??"]
[Round "8"]
[White "Mounier, Eric"]
[Black "Bassier, Jerome"]
[Result "1-0"]
[WhiteElo "2092"]
[BlackElo "1860"]
[PlyCount "83"]
[EventDate "1999.07.??"]

1. Nf3 d5 2. g3 c5 3. Bg2 Nc6 4. O-O e5 5. d3 Be7 6. e4 d4 7. a4 g5 8. Na3 h5
9. Nc4 f6 10. h4 Nh6 11. hxg5 Ng4 12. Nh4 fxg5 13. Nf5 Bxf5 14. exf5 Qd7 15.
Qf3 Rf8 16. a5 Rxf5 17. Qe2 Nf6 18. a6 b6 19. Re1 Ng4 20. Qe4 Rc8 21. Bh3 Kd8
22. f3 Nh6 23. Bxf5 Nxf5 24. Nxe5 Nxe5 25. Qxe5 Bd6 26. Bxg5+ Kc7 27. Qe4 Kb8
28. Bf4 Rg8 29. Bxd6+ Nxd6 30. Qf4 Kc8 31. Qe5 Rg6 32. Kf2 Qf7 33. Qxh5 Nf5 34.
Qh8+ Rg8 35. Qe5 Ne3 36. Rxe3 dxe3+ 37. Qxe3 Re8 38. Qg5 Rg8 39. Qh4 Re8 40.
Qg4+ Kd8 41. Rh1 Rg8 42. Qe4 1-0

[Event "Open Principal"]
[Site "Montpellier"]
[Date "1999.??.??"]
[Round "8"]
[White "Negre, Albert"]
[Black "Redon, Philippe"]
[Result "1/2-1/2"]
[WhiteElo "2132"]
[BlackElo "1890"]
[PlyCount "47"]
[EventDate "1999.07.??"]

1. d4 Nf6 2. Nc3 d5 3. Bg5 Bf5 4. f3 h6 5. Bh4 g5 6. Bf2 e6 7. g4 Bh7 8. h4 c5
9. Qd2 cxd4 10. Bxd4 Nc6 11. hxg5 hxg5 12. e4 Be7 13. e5 Nd7 14. Nxd5 Nxd4 15.
Qxd4 Qa5+ 16. Nc3 Qxe5+ 17. Qxe5 Nxe5 18. O-O-O Bf6 19. Rd2 Bg6 20. Rxh8+ Bxh8
21. Ne4 Bxe4 22. fxe4 Rd8 23. Bb5+ Ke7 24. Rxd8 1/2-1/2

[Event "Open Principal"]
[Site "Montpellier"]
[Date "1999.??.??"]
[Round "8"]
[White "Raggini, Lionel"]
[Black "Gelis, Dorian"]
[Result "1/2-1/2"]
[WhiteElo "2090"]
[BlackElo "1850"]
[PlyCount "53"]
[EventDate "1999.07.??"]

1. e4 e5 2. Nf3 Nc6 3. d4 exd4 4. Bc4 Nf6 5. O-O Nxe4 6. Re1 d5 7. Bxd5 Qxd5 8.
Nc3 Qh5 9. Nxe4 Be6 10. Neg5 O-O-O 11. Nxe6 fxe6 12. Rxe6 Bd6 13. h3 Rhg8 14.
Qe2 h6 15. Nxd4 Qxe2 16. Nxe2 Rge8 17. Re3 Nb4 18. Nd4 Be5 19. c3 Bxd4 20. cxd4
Nc2 21. Rb1 Nxe3 22. Bxe3 Rd5 23. Rc1 Kd7 24. Rc3 Re6 25. Ra3 Rb5 26. b3 a6 27.
Kf1 1/2-1/2

[Event "Open Principal"]
[Site "Montpellier"]
[Date "1999.??.??"]
[Round "8"]
[White "Rouillon, Ludovic"]
[Black "Brunner, Nicolas"]
[Result "1/2-1/2"]
[WhiteElo "2133"]
[BlackElo "2013"]
[PlyCount "117"]
[EventDate "1999.07.??"]

1. e4 c5 2. Nc3 Nc6 3. g3 g6 4. Bg2 Bg7 5. d3 e6 6. Be3 d6 7. Qd2 Rb8 8. Nge2
Nd4 9. O-O Nxe2+ 10. Qxe2 Ne7 11. f4 O-O 12. Qf2 b6 13. d4 Ba6 14. Rfd1 Qc7 15.
a4 Rbc8 16. Rd2 Rfd8 17. Rad1 Qb8 18. Bh3 cxd4 19. Bxd4 Bxd4 20. Qxd4 Rc5 21.
Qf6 Qc7 22. e5 d5 23. Ne4 Rc6 24. Nd6 Rf8 25. b4 Bc8 26. c4 a6 27. Bg2 Rxd6 28.
exd6 Qxd6 29. cxd5 Qxb4 30. d6 Qc5+ 31. Kh1 Nd5 32. Bxd5 exd5 33. Re1 Be6 34.
h4 Qxd6 35. h5 Qd8 36. Rxe6 fxe6 37. Qxe6+ Kh8 38. hxg6 Qf6 39. Qxf6+ Rxf6 40.
gxh7 Rd6 41. Kg2 Kxh7 42. Kf3 Kg6 43. g4 b5 44. axb5 axb5 45. Rb2 Rb6 46. Rb4
Rb7 47. Ke3 Re7+ 48. Kd3 Rf7 49. Rd4 Rf8 50. Ke3 Rd8 51. Rd1 Re8+ 52. Kf3 Rb8
53. Rb1 Rb7 54. Rb4 Rb8 55. Ke3 Re8+ 56. Kd3 Rf8 57. Rd4 Rf7 58. Kc3 Rc7+ 59.
Kd3 1/2-1/2

[Event "Open Principal"]
[Site "Montpellier"]
[Date "1999.??.??"]
[Round "8"]
[White "Rue, David"]
[Black "Sauvadet, Herve"]
[Result "1-0"]
[WhiteElo "2157"]
[BlackElo "2098"]
[PlyCount "61"]
[EventDate "1999.07.??"]

1. e4 e5 2. Nf3 Nc6 3. Bc4 Bc5 4. d3 d6 5. Nc3 Nf6 6. Bg5 Na5 7. Nd5 Nxc4 8.
dxc4 c6 9. Nxf6+ gxf6 10. Bh4 Rg8 11. Qe2 Qe7 12. O-O-O Be6 13. h3 O-O-O 14. g4
h6 15. Ne1 Bb6 16. c3 d5 17. exd5 cxd5 18. Qf3 dxc4 19. Nc2 Rg6 20. Rxd8+ Bxd8
21. Rd1 Qc7 22. Ne3 Qc6 23. Qe2 Be7 24. f4 exf4 25. Nf5 Bc5 26. Qd2 Qc7 27. Nd4
Qd6 28. Qe2 Qe5 29. Qc2 Qe3+ 30. Kb1 Bd5 31. Qf5+ 1-0

[Event "Open Principal"]
[Site "Montpellier"]
[Date "1999.??.??"]
[Round "8"]
[White "Seeger, Klaus"]
[Black "Lacrosse, Marc"]
[Result "0-1"]
[WhiteElo "1980"]
[BlackElo "2218"]
[PlyCount "58"]
[EventDate "1999.07.??"]

1. e4 e5 2. Nf3 Nc6 3. Bb5 a6 4. Ba4 Nf6 5. O-O Nxe4 6. d4 b5 7. Bb3 d5 8. dxe5
Be6 9. Qe2 Be7 10. Rd1 O-O 11. c4 bxc4 12. Bxc4 Qd7 13. Nc3 Nxc3 14. bxc3 f6
15. exf6 Bxf6 16. Ng5 Bxg5 17. Bxg5 h6 18. Be3 Ne5 19. Bb3 Qd6 20. Rd2 c6 21.
c4 21... Bg4 {} 22. cxd5 Qf6 23. Qf1 Nf3+ 24. Kh1 Qh4 25. dxc6+ Kh8 26. h3
Nxd2 27. Bxd2 Rxf2 28. Qd3 Bf3 29. Bc2 29... Qxh3+ {} 0-1

[Event "Open Principal"]
[Site "Montpellier"]
[Date "1999.??.??"]
[Round "9"]
[White "Ali, Hussein"]
[Black "Rouillon, Ludovic"]
[Result "0-1"]
[WhiteElo "2049"]
[BlackElo "2133"]
[PlyCount "68"]
[EventDate "1999.07.??"]

1. e4 c5 2. c3 d5 3. exd5 Qxd5 4. d4 Nc6 5. Nf3 Bg4 6. Be2 cxd4 7. cxd4 e6 8.
O-O Nf6 9. Nc3 Qd6 10. Be3 Be7 11. Qd2 O-O 12. Rac1 Rfd8 13. Rfd1 Rac8 14. Bf4
Qb4 15. a3 Qb3 16. Be3 a6 17. Qc2 Na5 18. Ne5 Bxe2 19. Qxe2 Bxa3 20. bxa3 Rxc3
21. Rb1 Rc2 22. Qe1 Qd5 23. Qb4 Nd7 24. Qa4 Rcc8 25. h3 f6 26. Nxd7 Rxd7 27.
Rbc1 Rxc1 28. Rxc1 Nc6 29. Qc4 Qxc4 30. Rxc4 Kf7 31. Kf1 Ke7 32. Ke2 Rd5 33. a4
33... Kd7 {} 34. Kd3 $2 34... Ne5+ 0-1

[Event "Open Principal"]
[Site "Montpellier"]
[Date "1999.??.??"]
[Round "9"]
[White "Brunner, Nicolas"]
[Black "Negre, Albert"]
[Result "1/2-1/2"]
[WhiteElo "2013"]
[BlackElo "2132"]
[PlyCount "83"]
[EventDate "1999.07.??"]

1. d4 Nf6 2. Nf3 g6 3. c4 c5 4. d5 b5 5. cxb5 a6 6. e3 Bg7 7. Nc3 O-O 8. Bc4
Ne8 9. O-O Nd6 10. Be2 Bb7 11. e4 axb5 12. e5 b4 13. Na4 Ne4 14. Bd3 Bxd5 15.
Bxe4 Bxe4 16. Nxc5 Bxf3 17. Qxf3 Nc6 18. Qd5 Nxe5 19. Bf4 e6 20. Qe4 Nc6 21.
Bd6 Re8 22. Nd3 Qb6 23. Rfc1 b3 24. a3 Qd4 25. Qxd4 Bxd4 26. Rc4 e5 27. Re1 Re6
28. Bc5 d5 29. Rcc1 e4 30. Bxd4 Nxd4 31. Nf4 Rd6 32. Red1 g5 33. Rxd4 gxf4 34.
Kf1 Kg7 35. Rc5 Rad8 36. Rb5 Kf6 37. f3 Ke5 38. Rxe4+ Kf5 39. Rd4 Ke5 40. Re4+
Kf5 41. Rd4 Ke5 42. Re4+ 1/2-1/2

[Event "Open Principal"]
[Site "Montpellier"]
[Date "1999.??.??"]
[Round "9"]
[White "Gelis, Dorian"]
[Black "Esprit, Yohan"]
[Result "1/2-1/2"]
[WhiteElo "1850"]
[BlackElo "2060"]
[PlyCount "99"]
[EventDate "1999.07.??"]

1. e4 c6 2. d4 d6 3. Nc3 Nf6 4. Nf3 Nbd7 5. h3 e5 6. dxe5 dxe5 7. Bc4 Bc5 8.
Bg5 O-O 9. O-O a5 10. a4 Qc7 11. Nh4 Bd4 12. Nf5 Bxc3 13. bxc3 Nxe4 14. Qg4
Nxg5 15. Qxg5 g6 16. Rad1 Nf6 17. Nh6+ Kg7 18. f4 Ne4 19. Qh4 f5 20. fxe5 Qxe5
21. Bd3 Qf6 22. Qf4 Qg5 23. Qc7+ Kxh6 24. Bxe4 Qe3+ 25. Kh1 Qxe4 26. Rf4 Qe2
27. Rh4+ Kg5 28. Qg3+ Kf6 29. Re1 Qxe1+ 30. Qxe1 h5 31. Rd4 Be6 32. Rd6 Rfe8
33. h4 Rad8 34. Rxd8 Rxd8 35. Qe3 Rd1+ 36. Kh2 Rb1 37. Qc5 Rb2 38. Qxa5 Rxc2
39. Qd8+ Kf7 40. Qc7+ Kf6 41. Qxb7 Bd5 42. a5 f4 43. a6 Rxg2+ 44. Kh1 Rg4+ 45.
Kh2 f3 46. Qb2 Rxh4+ 47. Kg3 Rg4+ 48. Kh2 Rh4+ 49. Kg3 Rg4+ 50. Kh2 1/2-1/2

[Event "Open Principal"]
[Site "Montpellier"]
[Date "1999.??.??"]
[Round "9"]
[White "Laval, Hubert"]
[Black "Aiglon, Laurent"]
[Result "1/2-1/2"]
[WhiteElo "1810"]
[BlackElo "2105"]
[PlyCount "69"]
[EventDate "1999.07.??"]

1. Nf3 c5 2. c4 Nc6 3. g3 g6 4. Bg2 Bg7 5. O-O d6 6. Nc3 Nf6 7. d4 cxd4 8. Nxd4
Bd7 9. e3 O-O 10. b3 Qa5 11. Bb2 Rfc8 12. Qe2 Rab8 13. Rfd1 a6 14. Rac1 Ne5 15.
Nd5 Nxd5 16. cxd5 h5 17. h3 Be8 18. f4 Nd7 19. Rc2 Rc5 20. Qd2 Qxd2 21. Rcxd2
Rbc8 22. Kf2 R5c7 23. g4 Nf6 24. g5 Nd7 25. h4 Nc5 26. e4 Bd7 27. Ke3 Bg4 28.
Bf3 Bxf3 29. Nxf3 Bxb2 30. Rxb2 Nd7 31. Rbd2 Rc3+ 32. Rd3 Rc2 33. R1d2 R8c3 34.
Rxc2 Rxc2 35. Rd2 1/2-1/2

[Event "Open Principal"]
[Site "Montpellier"]
[Date "1999.??.??"]
[Round "9"]
[White "Lavabre, Fabien"]
[Black "Fargere, Jacky"]
[Result "1-0"]
[WhiteElo "2142"]
[BlackElo "1970"]
[PlyCount "67"]
[EventDate "1999.07.??"]

1. e4 c5 2. Nf3 Nc6 3. d4 cxd4 4. Nxd4 e5 5. Nb5 d6 6. c4 a6 7. N5c3 Be6 8. Nd5
Nd4 9. Nbc3 Ne7 10. Bg5 f6 11. Be3 Nec6 12. Bd3 Be7 13. O-O O-O 14. Qd2 f5 15.
exf5 Bxf5 16. Ne4 Rc8 17. Rac1 Qe8 18. Nxe7+ Qxe7 19. Bg5 Qe6 20. Kh1 Qg6 21.
Rfe1 h6 22. Bh4 Qh5 23. Bg3 Nf3 24. Qd1 Nxe1 25. Qxh5 Nxd3 26. Nxd6 Rcd8 27.
Nxf5 Nxc1 28. Nxh6+ gxh6 29. Qg6+ Kh8 30. Qxh6+ Kg8 31. Qxc1 Rd6 32. h4 Rfd8
33. Qg5+ Kh7 34. Bxe5 1-0

[Event "Open Principal"]
[Site "Montpellier"]
[Date "1999.??.??"]
[Round "9"]
[White "Lacrosse, Marc"]
[Black "Rue, David"]
[Result "1-0"]
[WhiteElo "2218"]
[BlackElo "2153"]
[PlyCount "157"]
[EventDate "1999.07.??"]

1. d4 d6 2. c4 e5 3. Nf3 e4 4. Ng5 f5 5. Nc3 Be7 6. Nh3 Nc6 7. g3 Nf6 8. Bg2
O-O 9. O-O Kh8 10. f3 exf3 11. exf3 d5 12. cxd5 Nxd5 13. Nxd5 Qxd5 14. Be3 Bf6
15. f4 Qb5 16. d5 Nb4 17. Qb3 Bd7 18. Rac1 Na6 19. Qxb5 Bxb5 20. Rfd1 Rfe8 21.
Bd4 {} 21... Re2 22. d6 Bxd4+ 23. Rxd4 cxd6 24. Bxb7 Rb8 25. a4 Rxb7 26. axb5
Nc7 27. Rxd6 Ne8 28. Rd5 g6 29. Ng5 Nf6 30. Rdc5 h6 31. Rc8+ Ne8 32. Nf3 Kg7
33. Ne5 Re7 34. R1c2 Re4 35. R8c4 Nd6 36. Rc7 Rxc7 37. Rxc7+ Kf6 38. Rxa7 g5
39. Nd7+ Kg6 40. Ra6 Rd4 41. b6 Kg7 42. Nc5 Rd1+ 43. Kg2 Rd2+ 44. Kf1 Rxb2 45.
b7 Nxb7 46. Ra7 Kg6 47. Rxb7 Rxh2 48. Nd7 Ra2 49. Rb6+ Kg7 50. Ne5 Ra1+ 51. Kf2
Ra2+ 52. Ke3 Ra3+ 53. Nd3 g4 54. Kd4 h5 55. Rd6 Ra2 56. Ke5 Rg2 57. Kxf5 Rxg3
58. Ne5 Ra3 59. Kg5 g3 60. Kxh5 Ra4 61. Kg4 g2 62. Rd1 Kf6 63. Rg1 Ra2 64. Nf3
Ke6 65. Nh4 Ra8 66. Rxg2 Rg8+ 67. Kf3 Rh8 68. Rg6+ Kf7 69. Rg4 Kf6 70. Kg3 Ra8
71. Rg6+ Kf7 72. Kg4 Ra4 73. Rb6 Kg7 74. Kg5 Ra1 75. Rb7+ Kg8 76. f5 Rg1+ 77.
Kf6 Rg4 78. Rb8+ Kh7 79. Ng6 1-0

[Event "Open Principal"]
[Site "Montpellier"]
[Date "1999.??.??"]
[Round "9"]
[White "Raggini, Lionel"]
[Black "Seeger, Klaus"]
[Result "1-0"]
[WhiteElo "2090"]
[BlackElo "1980"]
[PlyCount "75"]
[EventDate "1999.07.??"]

1. e4 e5 2. Nf3 Nc6 3. d4 exd4 4. Bc4 Be7 5. Nxd4 Ne5 6. Bb3 d6 7. O-O Nf6 8.
Nc3 O-O 9. a4 c5 10. Nde2 Be6 11. Bd5 Bxd5 12. exd5 Re8 13. h3 Qd7 14. f4 Ng6
15. Qd3 h5 16. Be3 Rac8 17. Bf2 Bd8 18. Rad1 a6 19. Rfe1 Ba5 20. Ra1 Re7 21.
Be3 Rce8 22. Bd2 Bb6 23. Kf1 Ne4 24. Nxe4 Rxe4 25. Qf3 Nh4 26. Qxh5 Nf5 27. Qg4
Re3 28. Kg1 c4 29. Bxe3 Rxe3 30. Kh2 g6 31. Nc3 Qe7 32. Re2 Nd4 33. Rxe3 Qxe3
34. Qg3 Qd2 35. Ne4 Qe2 36. Nxd6 Bc7 37. Nxb7 Qe4 38. d6 1-0

[Event "Open Principal"]
[Site "Montpellier"]
[Date "1999.??.??"]
[Round "9"]
[White "Redon, Philippe"]
[Black "Holcman, Jeremy"]
[Result "1/2-1/2"]
[WhiteElo "1890"]
[BlackElo "2081"]
[PlyCount "134"]
[EventDate "1999.07.??"]

1. e4 e6 2. d3 d5 3. Nd2 c5 4. Ngf3 Nc6 5. g3 Nge7 6. Bg2 g6 7. O-O Bg7 8. c3
h6 9. Re1 Qc7 10. Nb3 dxe4 11. dxe4 b6 12. Bf4 e5 13. Be3 O-O 14. Qd2 Kh7 15.
Rad1 Be6 16. Qd6 Qb7 17. Qd2 a5 18. Nc1 a4 19. Nh4 Na5 20. f4 Bg4 21. Bf3 Bxf3
22. Nxf3 exf4 23. Bxf4 Nac6 24. Qd7 Qxd7 25. Rxd7 a3 26. b3 Bxc3 27. Red1 Rfe8
28. R1d6 g5 29. Ne2 Bg7 30. Bc1 Bb2 31. Bd2 Rad8 32. Rxd8 Rxd8 33. Rxd8 Nxd8
34. Bc3 Bxc3 35. Nxc3 Ndc6 36. Nb5 Nb4 37. Nxa3 Nxa2 38. Kf2 Nc1 39. Nd2 Kg6
40. Nac4 Nc8 41. Kf3 h5 42. h3 f6 43. g4 h4 44. Ne3 Kf7 45. Nd5 Ke6 46. Ke3 Kf7
47. b4 cxb4 48. Nxb4 Ke6 49. Nd5 Kf7 50. Nf3 Ke6 51. Nd4+ Kf7 52. Nf3 Kg6 53.
e5 fxe5 54. Nxe5+ Kh6 55. Nf7+ Kg6 56. Ne5+ Kg7 57. Nf3 Kh6 58. Ne5 b5 59. Nf7+
Kg6 60. Ne5+ Kg7 61. Nf3 Kh6 62. Kd4 b4 63. Nxb4 Ne2+ 64. Ke3 Nf4 65. Nxh4 Nxh3
66. Nf3 Nd6 67. Nxg5 Kxg5 1/2-1/2

[Event "Open Principal"]
[Site "Montpellier"]
[Date "1999.??.??"]
[Round "9"]
[White "Rue, Eric"]
[Black "Mounier, Eric"]
[Result "0-1"]
[WhiteElo "2159"]
[BlackElo "2092"]
[PlyCount "80"]
[EventDate "1999.07.??"]

1. e4 e5 2. Nc3 Nc6 3. Nf3 g6 4. d4 exd4 5. Nxd4 Bg7 6. Be3 d6 7. Bb5 Bd7 8.
O-O Nf6 9. f3 O-O 10. Nxc6 bxc6 11. Bc4 Re8 12. Qd2 a5 13. a4 Qb8 14. Kh1 Qb4
15. Bb3 Be6 16. Bxe6 Rxe6 17. Ne2 Qxd2 18. Bxd2 Nd5 19. c3 f5 20. Ng3 fxe4 21.
Nxe4 Rb8 22. c4 Nb4 23. Rab1 d5 24. cxd5 cxd5 25. Ng3 h5 26. h4 Bf6 27. Rfe1
Rxe1+ 28. Rxe1 Bxh4 29. Kh2 Kf7 30. Rc1 Rb7 31. Bxb4 Rxb4 32. Rxc7+ Be7 33. Ne2
Ke6 34. Ra7 Bd6+ 35. f4 Re4 36. Nc3 Rxf4 37. Kh3 g5 38. g3 Rf2 39. Ra6 g4+ 40.
Kh4 Kf5 0-1

[Event "Open Principal"]
[Site "Montpellier"]
[Date "1999.??.??"]
[Round "9"]
[White "Sauvadet, Herve"]
[Black "Launiau, Severin"]
[Result "1-0"]
[WhiteElo "2098"]
[BlackElo "1920"]
[PlyCount "91"]
[EventDate "1999.07.??"]

1. e4 c5 2. Nf3 a6 3. c4 Nc6 4. d4 cxd4 5. Nxd4 e5 6. Nc2 Nf6 7. Nc3 Bc5 8. Be2
d6 9. O-O Be6 10. Kh1 Rc8 11. f4 Nd4 12. f5 Bd7 13. Bg5 Bc6 14. Bd3 Qd7 15. Ne3
Ng8 16. Ned5 f6 17. Be3 Ne7 18. Qh5+ Kd8 19. Bg1 Qe8 20. Qg4 Qf7 21. b4 Ba7 22.
Nxe7 Qxe7 23. b5 Be8 24. Nd5 Qf7 25. a4 Bc5 26. bxa6 bxa6 27. Rfb1 Bc6 28. Ra2
Rg8 29. Qh4 Rh8 30. Qe1 Qa7 31. Rab2 Ke8 32. Qg3 Kf7 33. Qg4 Rcd8 34. Qh5+ Kf8
35. a5 Qf7 36. Qd1 Qa7 37. h3 Qd7 38. Rb8 Kf7 39. Qh5+ Kf8 40. g4 h6 41. Bxd4
Bxd4 42. Qg6 Qe8 43. Qxe8+ Rxe8 44. Nc7 Ba7 45. Rxe8+ Bxe8 46. Rb7 1-0